00770nam a2200193 a 450000100100000000500170001000800410002702000180006804000250008608200140011124500910012526000480021630000320026450000840029670000330038070000340041395201120044799900170055900003458120200930073758.0111010s2008 xxud 000 0 spa d a9781604565133 aDO-SdBNPbspacBNPHU axxxxbK8400aKorea :beconomic, political and social Issues /cPaul H. Elwood, Jeremuy B. Albertus. aNew York :bNova Science Publishers,c2008. a222 p. :bgráf. ;c25 cm. aIncluye referencias bibliográficas y notas al pie de las páginas e índice12aElwood, Paul H.,eed.96001612aAlbertus, Jeremy,eed.960017 001050718MOaGRbGRcHDd2011-10-10iLF1l0oxxxx K84p34581-10r2020-06-25w2020-06-25y1ZNo se presta c34072d34072